Prehistoric world / (Record no. 5793)

MARC details
000 -LEADER
fixed length control field 01282nam a22002537a 4500
001 - CONTROL NUMBER
control field 5793
003 - CONTROL NUMBER IDENTIFIER
control field FISKH
005 - DATE AND TIME OF LATEST TRANSACTION
control field 20250122152512.0
008 - FIXED-LENGTH DATA ELEMENTS--GENERAL INFORMATION
fixed length control field 250122b cb ||||| |||| 00| 0 eng d
020 ## - INTERNATIONAL STANDARD BOOK NUMBER
International Standard Book Number 9780439785044
040 ## - CATALOGING SOURCE
Original cataloging agency FISKH
Language of cataloging eng
Transcribing agency FISKH
Modifying agency FISKH
050 ## - LIBRARY OF CONGRESS CALL NUMBER
Classification number QE765.C44
082 ## - DEWEY DECIMAL CLASSIFICATION NUMBER
Classification number 930
100 ## - MAIN ENTRY--PERSONAL NAME
Personal name Chandler, Fiona
245 ## - TITLE STATEMENT
Title Prehistoric world /
Statement of responsibility, etc. by Fiona Chandler, Sam Taplin and Jane Bingham
260 ## - PUBLICATION, DISTRIBUTION, ETC.
Place of publication, distribution, etc. New York :
Name of publisher, distributor, etc. Scholastic ,
Date of publication, distribution, etc. 2004.
300 ## - PHYSICAL DESCRIPTION
Extent 96 pages :
Other physical details color illustrations, maps ;
Dimensions 28 cm .
490 ## - SERIES STATEMENT
Series statement The Usborne
520 ## - SUMMARY, ETC.
Summary, etc. This volume traces the extraordinary evolution of our world, from the formation of Earth to the beginnings of human history, and looks at some of the amazing creatures that once inhabited our globe. It chronicles when life first appeared on Earth, why dinosaurs died out and how people survived the last Ice Age, covering a period up to 10,000BC. The book offers colourful maps showing the changing shapes of continents, the movement of people around the world and the development of life on Earth and presents detailed reconstructions and photographs of prehistoric artefacts.
650 ## - SUBJECT ADDED ENTRY--TOPICAL TERM
Topical term or geographic name entry element prehistoric
Form subdivision non-fiction
700 ## - ADDED ENTRY--PERSONAL NAME
Personal name Firenze, Inklink
Relator term illustrator
942 ## - ADDED ENTRY ELEMENTS (KOHA)
Source of classification or shelving scheme Dewey Decimal Classification
Koha item type Books
Suppress in OPAC No
Holdings
Withdrawn status Lost status Source of classification or shelving scheme Damaged status Not for loan Collection Home library Current library Shelving location Date acquired Total Checkouts Full call number Barcode Date last seen Price effective from Koha item type
    Dewey Decimal Classification     Non-Fiction Footprints International School Library Network Toul Kork Campus Footprints International School Library Network Toul Kork Campus TTP Secondary Non-Fiction Bookshelves 01/22/2025   CHA 930 QE765.C44 FISSE00955 01/22/2025 01/22/2025 Books